Statistics for Biggest U.S. Cities by First Letter of the State

Click here to take the quiz!

General Stats

  • This quiz has been taken 90 times
  • The average score is 16 of 19

Answer Stats

First Letter of State City State % Correct
NNew YorkNew York
100%
CLos AngelesCalifornia
99%
THoustonTexas
97%
GAtlantaGeorgia
97%
PPhiladelphiaPennsylvania
93%
LNew OrleansLouisiana
93%
USalt Lake CityUtah
92%
HHonoluluHawaii
92%
WSeattleWashington
91%
IChicagoIllinois
91%
APhoenixArizona
89%
FJacksonvilleFlorida
89%
OColumbusOhio
85%
KLouisvilleKentucky
83%
RProvidenceRhode Island
83%
MBostonMassachusetts
83%
VVirginia BeachVirginia
71%
DWilmingtonDelaware
63%
SSioux FallsSouth Dakota
49%

Score Distribution

Percentile by Number Answered

Percent of People with Each Score

Your Score History

You have not taken this quiz